000 00567nam a2200229Ia 4500
003 OSt
005 20220924142530.0
006 a|||||r|||| 00| 0
007 ta
008 220923b |||||||| |||| 00| 0 mni d
024 _a302346
037 _cTextual
040 _aARTS
_cARTS
_bmni
041 _2mni
_amni
082 _aO44,3x, 446114L7
100 _aThoidokpa Tr.
_9213588
245 0 _aMourak
260 _c1977
650 _aMANIPURI LITERATURE
942 _hO44,3x, 446114L7
_cTEXL
_2CC
999 _c451067
_d451067